Statistics for Geography Ending in E, Starting with A-Z

Click here to take the quiz!

General Stats

  • This quiz has been taken 1,399 times
    (976 since last reset)
  • The average score is 17 of 24

Answer Stats

LetterClueAnswer% Correct
FParis is their capitalFrance
99%
CLong, narrow countryChile
96%
NThe longest river in the worldNile
95%
BNation on the eastern coast of Central AmericaBelize
92%
UIt is the second-largest European countryUkraine
91%
PState claiming the West Bank and East JerusalemPalestine
90%
MThe most north-eastern U.S. stateMaine
89%
RThe official currency in the republic of IndiaRupee
89%
EIrish for IrelandEire
84%
VThe capital of northern Italy’s Veneto regionVenice
82%
SLargest city in the state of WashingtonSeattle
81%
ZThe former name for the Democratic Republic of CongoZaire
80%
AAlaska’s largest cityAnchorage
75%
WCounty in England, known for being the birthplace of a sauceWorcestershire
63%
TCapital of France’s southern Occitanie regionToulouse
60%
YThe capital of CameroonYaoundé
60%
GCapital city of BotswanaGaborone
59%
LSecond largest city in PakistanLahore
59%
DCoastal city on the Firth of Tay estuary in eastern ScotlandDundee
56%
OA nod to the royal family of NetherlandsOrange
51%
JEthnic group native to central and eastern IndonesiaJavanese
44%
KCity on Osaka BayKobe
39%
ILargest metropolitan city in Central IndiaIndore
19%
HFamous for hot springs, natural beauty and the view across Lake AshinokoHakone
11%

Score Distribution

Percentile by Number Answered

Percent of People with Each Score

Your Score History

You have not taken this quiz since the last reset